Statistics for Largest Islands of Countries

Click here to take the quiz!

General Stats

  • This quiz has been taken 38 times
    (10 since last reset)
  • The average score is 46 of 102

Answer Stats

Answer% Correct
Indonesia
100%
Malaysia
100%
Brunei
89%
Japan
89%
Madagascar
89%
Papua New Guinea
89%
Sri Lanka
89%
Australia
78%
Borneo
78%
Cuba
78%
Denmark
78%
Fiji
78%
Iceland
78%
Ireland
78%
New Zealand
78%
Solomon Islands
78%
United Kingdom
78%
Bahamas
67%
Canada
67%
Cyprus
67%
Dominican Republic
67%
East Timor
67%
Finland
67%
France
67%
Greece
67%
Haiti
67%
Philippines
67%
Russia
67%
South Island
67%
Spain
67%
Sweden
67%
United States
67%
Argentina
56%
Brazil
56%
Chile
56%
Comoros
56%
Estonia
56%
Great Britain
56%
Greenland
56%
Honshu
56%
Italy
56%
New Guinea
56%
Norway
56%
Sicily
56%
South Korea
56%
Baffin Island
44%
China
44%
Crete
44%
Hawai'i
44%
Hispaniola
44%
India
44%
Iran
44%
Mauritius
44%
Mexico
44%
Samoa
44%
Taiwan
44%
Tanzania
44%
Tasmania
44%
Trinidad
44%
Trinidad and Tobago
44%
Vanuatu
44%
Ecuador
33%
Gotland
33%
Hainan
33%
Isla Grande de Tierra del Fuego
33%
Jamaica
33%
Luzon
33%
Majorca
33%
Marajó
33%
Sakhalin
33%
Timor
33%
Yemen
33%
Zanzibar
33%
Bangladesh
22%
Colombia
22%
Grande Terre
22%
Guadalcanal
22%
North Andros Island
22%
Slovakia
22%
Socotra
22%
Spitsbergen
22%
Venezuela
22%
Viti Levu
22%
Bhola Island
11%
Equatorial Guinea
11%
Grande Comore
11%
Isabela Island
11%
Margarita Island
11%
Morfil
11%
Myanmar
11%
North Andaman Island
11%
Qeshm
11%
Ramree Island
11%
Saaremaa
11%
Savai'i
11%
Senegal
11%
Žitný Ostrov
11%
Bioko
0%
Espiritu Santo
0%
Jejudo
0%
Soisalo
0%
Tiburón Island
0%

Score Distribution

Percentile by Number Answered

Percent of People with Each Score

Your Score History

You have not taken this quiz since the last reset